000 00641nam a2200133Ia 4500
008 171212s9999 xx 000 0 und d
020 _a9781760460198
245 _ceditor Dobes, Leo;Argyrous, George;Leung, Joanne
_aSocial cost-benefit analysis in Australia and New Zealand
_bThe state of current practice and what needs to be done
260 _bANU E Press
_c2016
440 _aAustralia and New Zealand School of Government (ANZSOG)
650 _aCost effectiveness -- Social aspects; Public administration -- Australia; Public administration -- New Zealand
650 _aPolitical Science
856 _uhttp://jstor.org/stable/j.ctt1d10hms
999 _c351314
_d351314